Štúdia zámeny anionických farbív pri farbení papiera v hmote

Guardado en:
Detalles Bibliográficos
Autor principal: Hasaliková, Terézia (Autor)
Otros Autores: Jablonský, Michal (Orientador)
Formato: Manuscrito Libro
Lenguaje:eslovaco
Publicado: 2018
Materias:
Acceso en línea:http://is.stuba.sk/zp/portal_zp.pl?podrobnosti=126372
Etiquetas: Agregar Etiqueta
Sin Etiquetas, Sea el primero en etiquetar este registro!

MARC

LEADER 00000ntm a22000003a 4500
001 stuzp64749
003 SK-STU
005 20180623210510.0
007 ta
008 150427s2015----xo-----f-mn---000-0-slo-d
040 |a STU  |b slo 
041 0 |a slo 
100 1 |a Hasaliková, Terézia  |u 049380  |4 aut  |U FCHPT Ústav prírodných a syntetických polymérov  |T FCHPT Oddelenie dreva, celulózy a papiera  |X 65040  |U C9380  |Y 129  |7 65040 
242 0 1 |a Study of various substitution of the anionic colors for dyeing paper in the mass  |y eng 
245 1 0 |a Štúdia zámeny anionických farbív pri farbení papiera v hmote 
260 |c 2018 
650 4 |a farbenie papiera v hmote  |2 slo 
650 4 |a tissue papier  |2 slo 
650 4 |a priame anionické farbivá  |2 slo 
650 4 |a dyeing paper in the mass  |2 eng 
650 4 |a tissue paper  |2 eng 
650 4 |a direct anionic dyes  |2 eng 
700 1 |a Jablonský, Michal  |u 049380  |k Z1  |4 ths  |U FCHPT Ústav prírodných a syntetických polymérov  |T FCHPT Oddelenie dreva, celulózy a papiera  |X 4025  |U C9380  |Y 129  |7 A000004025 
856 4 |u http://is.stuba.sk/zp/portal_zp.pl?podrobnosti=126372